000 01033nam a22002057a 4500
999 _c62896
_d62896
003 Ge_BSU
005 20250317161637.0
008 250317s2003 ge ||||| |||| 00| 0 geo d
020 _a999401031X
041 _ageo
080 _a61:54(075.8) გ-13
100 _aგაბრიჩიძე, ომარ
_924580
245 _aსამედიცინო ქიმია :
_bთბილ. სახელმწ. სამედ. უნ-ტისა და საუნივერსიტეტო კოლეჯის სტუდენტთათვის /
_cომარ გაბრიჩიძე, ბადრი არზიანი ; რედ. ო. გაბრიჩიძე.
264 _aთბ. :
_b ინტელექტი,
_c2003.
300 _a444 გვ. :
_bსურ. ;
_c 23 სმ.
653 _aსამედიცინო ქიმია
653 _aმედიცინა
700 _aარზიანი, ბადრი
_e ავტორი
_910177
942 _2udc
_cᲬᲘᲒᲜᲘ